NLSUI OPAC header image

Environment and wildlife laws in India (Record no. 39853)

MARC details
000 -LEADER
fixed length control field 00549nam a2200205Ia 4500
003 - CONTROL NUMBER IDENTIFIER
control field OSt
005 - DATE AND TIME OF LATEST TRANSACTION
control field 20210204101528.0
008 - FIXED-LENGTH DATA ELEMENTS--GENERAL INFORMATION
fixed length control field 160316s2013 xxu||||| |||| 00| 0 eng d
020 ## - INTERNATIONAL STANDARD BOOK NUMBER
International Standard Book Number 9788180388576
040 ## - CATALOGING SOURCE
Transcribing agency n
082 ## - DEWEY DECIMAL CLASSIFICATION NUMBER
Classification number 344.046000
Item number MAJ-2
100 ## - MAIN ENTRY--PERSONAL NAME
Personal name Majumdar Arjya B
245 ## - TITLE STATEMENT
Title Environment and wildlife laws in India
260 ## - PUBLICATION, DISTRIBUTION, ETC.
Place of publication, distribution, etc. Harayana
Name of publisher, distributor, etc. Lexis Nexis
Date of publication, distribution, etc. 2013
300 ## - PHYSICAL DESCRIPTION
Extent 303p
Dimensions xix
365 ## - TRADE PRICE
Price amount Rs. 395
650 ## - SUBJECT ADDED ENTRY--TOPICAL TERM
Topical term or geographic name entry element 1. Environment Law - Wildlife - India
700 ## - ADDED ENTRY--PERSONAL NAME
Personal name Nandy Debosmita
-- Mukherjee Swayambhu
942 ## - ADDED ENTRY ELEMENTS (KOHA)
Source of classification or shelving scheme Dewey Decimal Classification
Koha item type BOOKs
Holdings
Withdrawn status Lost status Damaged status Not for loan Home library Current library Shelving location Date acquired Cost, normal purchase price Total Checkouts Full call number Barcode Date last seen Date last checked out Price effective from Koha item type
        . .   30.05.2017 395.00 3 344.046 MAJ-2 33600 21.12.2023 18.12.2023 30.05.2017 BOOKs